000 00462nam a22001817a 4500
005 20251108165939.0
008 250721s1996 xx 000 0 ara d
082 1 4 _aق/لاج
100 1 _aلاجا،
245 1 0 _aالعار /
264 _bدار الخيال،
_c1996.
300 _a222ص
650 1 7 _aالأدب العربي
650 1 7 _aأدب الأطفال
700 1 _aزكريا، عصام
_eترجمة
942 _2ddc
_cBK
999 _c35573
_d35573